00426nam a2200121Ia 4500008004100000082002000041100003100061245006500092300000800157942001200165999001900177952010800196210430s9999 xx 000 0 und d a519.40285 F255A aLaurence V. Fausett954704 aapplied numerical analysis using matlabcLaurence V. Fausett a697 cBK2ddc c565383d565383 00102ddc4071aSCMEbSCMEcREFd2022-02-24l0o519.40285 F255ApSCME-4421r2022-03-01w2022-02-24yBK